Statistics for Can You Guess All The Millennial Slang?

Click here to take the quiz!

General Stats

  • This quiz has been taken 203 times
  • The average score is 7 of 25

Answer Stats

Hint Answer % Correct
When someone just stops answering your calls/texts/etc.Ghosting
67%
An older woman that likes to date younger menCougar
64%
This party is sooooooLit
58%
Aware of racial tension or racismWoke
52%
A really close relationship between two menBromance
51%
That dumb dance move. So 2016Dab
49%
Gurl, your makeup isOn Fleek
47%
Whoa, that concert was cool __ (it's two letters)AF
38%
Your really close friends that you hang out with all the timeSquad
37%
Something you would like to do or be like eventually. #_____Goals
36%
Girl, you so ____/fun version of insaneCray
32%
When that one person is just tooExtra
25%
A really good insultRoast
23%
MemesDank
23%
When someone dominates/kills an activity (could be a vocal performance)Slay
22%
A diss (usually towards a celebrity)Shade
17%
Lil' Pump's favorite brand/cool, new, okayGucci
16%
You and your bestiesFam
15%
A rebel.Savage
12%
A word used to describe someone craving attentionThirsty
11%
Synonym for moody/fresh/has an attitudeSalty
11%
Slightly/only a little bitLow-Key
7%
That dude that's eating that cake looks reallySus
4%
Getting all that acne and your pimples taken care ofGlo Up
2%
Beyoncé said Jay-Z did this to herSpill the Tea
1%

Score Distribution

Percentile by Number Answered

Percent of People with Each Score

Your Score History

You have not taken this quiz